000
00202nam a2200073Ia 4500
008
170817s9999 xx 000 0 und d
100
_a
Gupta.R.P
245
0
_a
Pashchatya evam Bharatiya shikshashastri
260
_b
Agarwal Prakashan Agara
999
_c
39518
_d
39518